书目信息 |
| 题名: |
英文歌曲300首
|
|
| 作者: | 张丽可 , 朱启明 选编 | |
| 分册: | ||
| 出版信息: | 长沙 湖南文艺出版社 2005 |
|
| 页数: | 741页 | |
| 开本: | 20cm | |
| 丛书名: | ||
| 单 册: | ||
| 中图分类: | J652 , H319.4 | |
| 科图分类: | ||
| 主题词: | 英语--歌曲--世界--选集 , 歌曲 , 英语 | |
| 电子资源: | ||
| ISBN: | 7-5404-3399-X | |
| 000 | 00921nam0 2200289 450 | |
| 001 | 012007712944 | |
| 005 | 20070627164733.82 | |
| 010 | @a7-5404-3399-X@dCNY34.50 | |
| 100 | @a20070526d2005 km y0chiy0120 ea | |
| 101 | 0 | @achi@aeng |
| 102 | @aCN@b430000 | |
| 105 | @ay z 000yy | |
| 106 | @ar | |
| 200 | 1 | @a英文歌曲300首@Aying wen ge qu 300 shou@f张丽可,朱启明选编@Fzhang li ke,zhu qi ming xuan bian |
| 210 | @a长沙@c湖南文艺出版社@d2005 | |
| 215 | @a741页@d20cm | |
| 330 | @a本书是一部世界英文歌曲的选编辑,内容包括:快乐的心、一条小路、避暑胜境、终有一天、十分珍贵的爱情、崭新的世界、堕入情网的女人等歌曲。 | |
| 510 | 1 | @aEnglish songs@zeng |
| 606 | 0 | @a英语@x歌曲@y世界@j选集 |
| 606 | 0 | @a歌曲 |
| 606 | 0 | @a英语 |
| 690 | @aJ652@v4 | |
| 690 | @aH319.4@v3 | |
| 701 | 0 | @a张丽可@Azhang li ke@4选编 |
| 701 | 0 | @a朱启明@Azhu qi ming@4选编 |
| 801 | 0 | @aCN@bRULIN@c20070627 |
| 905 | @dH319.4@e1276@s8 | |
| 英文歌曲300首/张丽可,朱启明选编.-长沙:湖南文艺出版社,2005 |
| 741页;20cm |
| ISBN 7-5404-3399-X:CNY34.50 |
| 本书是一部世界英文歌曲的选编辑,内容包括:快乐的心、一条小路、避暑胜境、终有一天、十分珍贵的爱情、崭新的世界、堕入情网的女人等歌曲。 |
| ● |
| 相关链接 |
|
|
|
|
正题名:英文歌曲300首
索取号:H319.4/1276
 
预约/预借
| 序号 | 登录号 | 条形码 | 馆藏地/架位号 | 状态 | 备注 |
| 1 | 0581603 | 205816036 | 第二样本阅览室/ [索取号:H319.4/1276] | 在馆 | |
| 2 | 0581604 | 205816045 | 第四借阅区/ [索取号:H319.4/1276] | 在馆 | |
| 3 | 0581605 | 205816054 | 第四借阅区/ [索取号:H319.4/1276] | 在馆 | |
| 4 | 0581606 | 205816063 | 第四借阅区/ [索取号:H319.4/1276] | 在馆 | |
| 5 | 0581607 | 205816072 | 第四借阅区/ [索取号:H319.4/1276] | 在馆 | |
| 6 | 0581608 | 205816081 | 第四借阅区/ [索取号:H319.4/1276] | 在馆 | |
| 7 | 0581609 | 205816090 | 第四借阅区/ [索取号:H319.4/1276] | 在馆 | |
| 8 | 0581610 | 205816107 | 第四借阅区/ [索取号:H319.4/1276] | 在馆 |